|
|
|
|
| LEADER |
00000cam a2200000 i 4500 |
| 001 |
SCIDIR_on1346856749 |
| 003 |
OCoLC |
| 005 |
20231120010707.0 |
| 006 |
m o d |
| 007 |
cr cnu---unuuu |
| 008 |
221006s2022 ne o 000 0 eng d |
| 040 |
|
|
|a OPELS
|b eng
|e rda
|e pn
|c OPELS
|d OCLCF
|d UKAHL
|d YDX
|d UKMGB
|d OCLCO
|
| 015 |
|
|
|a GBC2E1641
|2 bnb
|
| 016 |
7 |
|
|a 020710526
|2 Uk
|
| 019 |
|
|
|a 1345581717
|
| 020 |
|
|
|z 9780323911511
|
| 020 |
|
|
|z 032391151X
|
| 020 |
|
|
|a 9780323998444
|q electronic book
|
| 020 |
|
|
|a 0323998445
|q electronic book
|
| 035 |
|
|
|a (OCoLC)1346856749
|z (OCoLC)1345581717
|
| 050 |
|
4 |
|a TN870
|
| 082 |
0 |
4 |
|a 665.50285678
|2 23
|
| 100 |
1 |
|
|a Hussain, Razin Farhan,
|e author.
|
| 245 |
1 |
0 |
|a IoT for smart operations in the oil and gas industry :
|b from upstream to downstream /
|c Razin Farhan Hussain, Ali Mokhtari, Ali Ghalambor, Mohsen Amini Salehi.
|
| 264 |
|
1 |
|a Amsterdam :
|b Gulf Professional Publishing,
|c 2022.
|
| 300 |
|
|
|a 1 online resource (1 volume)
|
| 336 |
|
|
|a text
|b txt
|2 rdacontent
|
| 337 |
|
|
|a computer
|b c
|2 rdamedia
|
| 338 |
|
|
|a online resource
|b cr
|2 rdacarrier
|
| 588 |
0 |
|
|a Print version record.
|
| 650 |
|
0 |
|a Petroleum engineering
|x Technological innovations.
|
| 650 |
|
0 |
|a Internet of things
|x Industrial applications.
|
| 650 |
|
6 |
|a Technique du p�etrole
|0 (CaQQLa)201-0031336
|x Innovations.
|0 (CaQQLa)201-0379286
|
| 650 |
|
6 |
|a Internet des objets
|0 (CaQQLa)000269177
|x Applications industrielles.
|0 (CaQQLa)201-0374039
|
| 650 |
|
7 |
|a Petroleum engineering
|x Technological innovations
|2 fast
|0 (OCoLC)fst01059521
|
| 700 |
1 |
|
|a Mokhtari, Ali,
|e author.
|
| 700 |
1 |
|
|a Ghalambor, Ali,
|e author.
|1 https://isni.org/isni/0000000117529347
|
| 700 |
1 |
|
|a Salehi, Mohsen Amini,
|e author.
|
| 776 |
0 |
8 |
|i Print version:
|a Hussain, Razin Farhan.
|t IoT for smart operations in the oil and gas industry.
|d Amsterdam : Gulf Professional Publishing, 2022
|z 9780323911511
|w (OCoLC)1346306076
|
| 856 |
4 |
0 |
|u https://sciencedirect.uam.elogim.com/science/book/9780323911511
|z Texto completo
|